| 000 | 01291nam a2200373 i 4500 | ||
|---|---|---|---|
| 001 | 13189 | ||
| 003 | KOSZ 005 | ||
| 005 | 20210407104036.0 | ||
| 008 | 080921s1962 pl a f 001 0 pol | ||
| 015 | _aPB 1962/8266 | ||
| 040 |
_aWA N _cWA N _dKOSZ 005/RW _dKOSZ 005/HR |
||
| 041 | 1 |
_apol _heng |
|
| 046 | _k1962 | ||
| 080 | _a681.5 | ||
| 080 | _a658.5 | ||
| 100 | 1 |
_aCampbell, Donald P. _eAutor |
|
| 245 | 1 | 0 |
_aDynamika procesów : _bopis własności dynamicznych procesów produkcyjnych dla potrzeb automatyzacji / _cDonald P. Campbell ; [tł. Jerzy Pułaczewski]. |
| 246 | 1 |
_iTyt. oryg.: _aProcess dynamics. |
|
| 260 |
_aWarszawa : _bPaństwowe Wydawnictwo Naukowe, _c1962. |
||
| 300 |
_a406, [1] s., [1] k. tabl. : _bil. ; _c21 cm. |
||
| 380 | _aKsiążki | ||
| 388 | _a1901-2000 | ||
| 388 | _a1945-1989 | ||
| 504 | _aBibliogr. przy rozdz. Indeks. | ||
| 650 | 4 | _aAutomatyka | |
| 650 | 4 | _aProdukcja | |
| 650 | 4 | _aUrządzenia | |
| 650 | 4 | _aDynamika | |
| 658 | _aInżynieria i technika | ||
| 700 | 1 |
_aPułaczewski, Jerzy. _eTłumaczenie |
|
| 710 | 2 |
_aPaństwowe Wydawnictwo Naukowe _4pbl. |
|
| 856 |
_uhttp://koha.tu.koszalin.pl/cgi-bin/koha/opac-detail.pl?biblionumber=13189 _yKatalog online BPK |
||
| 942 |
_2UKD _cKS |
||
| 999 |
_c13189 _d13189 |
||